[Event "Ruhrgebiet Verbandsklasse Gruppe 1 1516"]
[Site "Germany"]
[Date "2016.03.20"]
[Round "8.7"]
[White "Streier, Wilhelm"]
[Black "Bals, Jochen"]
[Result "0-1"]
[WhiteElo "1347"]
[BlackElo "1825"]
[PlyCount "54"]
[EventDate "2015.09.06"]
[EventType "team-tourn"]
[EventRounds "9"]
[EventCountry "GER"]
[SourceTitle "EXT 2022"]
[Source "ChessBase"]
[SourceDate "2021.10.06"]
[SourceVersion "1"]
[SourceVersionDate "2021.10.06"]
[SourceQuality "1"]
[WhiteTeam "Wattenscheid SV IV"]
[BlackTeam "Kamen SV II"]
[WhiteTeamCountry "GER"]
[BlackTeamCountry "GER"]

1. d4 Nf6 2. Nf3 g6 3. c4 Bg7 4. Nc3 d5 5. e3 0-0 6. Bd3 dxc4 7. Bxc4 c5 8. 0-0 Nbd7 9. h3 a6 10. a4 Qc7 11. Bd2 cxd4 12. Nd5 Qxc4 13. Nxe7+ Kh8 14. Nxd4 Qc5 15. Nxc8 Raxc8 16. Rc1 Qd5 17. Qe2 Ne4 18. Bb4 Rfe8 19. Qf3 Ne5 20. Qe2 Rc4 21. Rxc4 Qxc4 22. Qxc4 Nxc4 23. Bc3 Nxc3 24. bxc3 Rc8 25. Rc1 Kg8 26. Rb1 b6 27. Kf1 Nd2+ 0-1

[Event "NRW-ch Seniors 16th"]
[Site "Hattingen"]
[Date "2005.05.27"]
[Round "7"]
[White "Lampe, Ursula"]
[Black "Streier, Wilhelm"]
[Result "1/2-1/2"]
[WhiteElo "1362"]
[BlackElo "1455"]
[PlyCount "38"]
[EventDate "2005.05.21"]
[EventType "swiss"]
[EventRounds "9"]
[EventCountry "GER"]
[SourceTitle "EXT 2007"]
[Source "ChessBase"]
[SourceDate "2006.11.23"]
[SourceVersion "1"]
[SourceVersionDate "2006.11.23"]
[SourceQuality "1"]

1. d4 Nf6 2. Nf3 e6 3. Bf4 c5 4. e3 d5 5. Nbd2 cxd4 6. exd4 a6 7. c3 Be7 8. Qc2 Nbd7 9. Bd3 g6 10. 0-0 0-0 11. Rfe1 Nh5 12. Bh6 Re8 13. Ne5 Nxe5 14. Rxe5 Ng7 15. Nf3 Bf6 16. Ree1 Nf5 17. Bxf5 exf5 18. Rxe8+ Qxe8 19. Re1 Be6 1/2-1/2

[Event "NRW-ch Seniors 16th"]
[Site "Hattingen"]
[Date "2005.05.25"]
[Round "5"]
[White "Streier, Wilhelm"]
[Black "Jung, Michael"]
[Result "0-1"]
[WhiteElo "1455"]
[BlackElo "1678"]
[PlyCount "80"]
[EventDate "2005.05.21"]
[EventType "swiss"]
[EventRounds "9"]
[EventCountry "GER"]
[SourceTitle "EXT 2007"]
[Source "ChessBase"]
[SourceDate "2006.11.23"]
[SourceVersion "1"]
[SourceVersionDate "2006.11.23"]
[SourceQuality "1"]

1. d4 d5 2. Nf3 Nf6 3. e3 g6 4. c4 e6 5. Nc3 Bg7 6. Bd3 0-0 7. 0-0 dxc4 8. Bxc4 Nbd7 9. Bd2 b6 10. Rc1 Bb7 11. a4 a6 12. b4 Re8 13. Ne5 Nxe5 14. dxe5 Nd7 15. f4 c5 16. b5 a5 17. Be2 Qc7 18. Bf3 Rad8 19. Ne4 Bxe4 20. Bxe4 Re7 21. Qe2 Nf8 22. Bc6 h6 23. Rfd1 f6 24. exf6 Bxf6 25. Bc3 Rxd1+ 26. Qxd1 Bxc3 27. Rxc3 Kg7 28. Rd3 e5 29. Qa1 Kh7 30. g3 exf4 31. exf4 Ne6 32. Qf1 Nd4 33. Qf2 Nxc6 34. bxc6 Qxc6 35. f5 Qe4 36. fxg6+ Qxg6 37. Rd1 Rf7 38. Qe2 Qf5 39. Rd6 c4 40. Rxb6 Qc5+ 0-1

[Event "NRW-ch Seniors 16th"]
[Site "Hattingen"]
[Date "2005.05.21"]
[Round "1"]
[White "Streier, Wilhelm"]
[Black "Johannsen, Ingbert"]
[Result "0-1"]
[WhiteElo "1455"]
[BlackElo "1972"]
[PlyCount "80"]
[EventDate "2005.05.21"]
[EventType "swiss"]
[EventRounds "9"]
[EventCountry "GER"]
[SourceTitle "EXT 2007"]
[Source "ChessBase"]
[SourceDate "2006.11.23"]
[SourceVersion "1"]
[SourceVersionDate "2006.11.23"]
[SourceQuality "1"]

1. d4 e6 2. Nf3 Nf6 3. e3 c5 4. c3 b6 5. Bd3 Bb7 6. Nbd2 d5 7. 0-0 Be7 8. Qe2 Nc6 9. dxc5 bxc5 10. e4 0-0 11. e5 Nd7 12. Re1 Qc7 13. Nf1 Rae8 14. Bf4 c4 15. Bc2 Bd8 16. Bg3 Qb6 17. Qd2 Nc5 18. Nd4 f5 19. f4 Be7 20. Bf2 Nxd4 21. cxd4 Ne4 22. Bxe4 Bb4 23. Qc2 Bxe1 24. Rxe1 fxe4 25. Qc3 Rxf4 26. Be3 Rf7 27. Ng3 Bc6 28. Ne2 Rb7 29. Rb1 Qa6 30. Ra1 Reb8 31. Bc1 Rb5 32. b4 Rxb4 33. Nf4 Be8 34. Ba3 Rb1+ 35. Rxb1 Rxb1+ 36. Kf2 Qb6 37. Qc2 Qxd4+ 38. Kg3 Qe3+ 39. Kg4 Rf1 40. Nxe6 Bd7 0-1

[Event "Essen op04"]
[Site "Essen"]
[Date "2005.04.12"]
[Round "5"]
[White "Maletzki, Heinz"]
[Black "Streier, Wilhelm"]
[Result "1-0"]
[WhiteElo "1523"]
[BlackElo "1455"]
[PlyCount "108"]
[EventDate "2005.04.04"]
[EventType "swiss"]
[EventRounds "9"]
[EventCountry "GER"]
[SourceTitle "EXT 2007"]
[Source "ChessBase"]
[SourceDate "2006.11.23"]
[SourceVersion "1"]
[SourceVersionDate "2006.11.23"]
[SourceQuality "1"]

1. c4 c5 2. Nc3 e6 3. e4 Nc6 4. Nf3 e5 5. a3 d6 6. d3 Nf6 7. Bg5 Be7 8. Be2 0-0 9. Bxf6 Bxf6 10. Nd5 Bd7 11. 0-0 Rc8 12. Kh1 g6 13. Qd2 Bg7 14. b4 b6 15. b5 f5 16. bxc6 Rxc6 17. Rab1 fxe4 18. dxe4 Rc8 19. Qg5 Bf6 20. Nxf6+ Rxf6 21. Ne1 Qf8 22. f3 Qg7 23. Nc2 Rf4 24. Ne3 Be6 25. Rbd1 h6 26. Qg3 Rd8 27. Rd2 g5 28. Rfd1 Qe7 29. Nd5 Bxd5 30. Rxd5 Kh7 31. Qe1 Rf6 32. Qc3 Rdf8 33. h3 Rg6 34. Kg1 Rgf6 35. Qb3 Rg6 36. g4 Rgf6 37. Kg2 Re6 38. Qb5 Rc8 39. a4 Qc7 40. Rh1 Qe7 41. Qb3 Rf8 42. Rd3 Rf4 43. Kg3 Qf6 44. h4 gxh4+ 45. Rxh4 Qg7 46. Qd1 Rff6 47. Rh5 Rg6 48. Qh1 Rg5 49. Rxg5 Qxg5 50. Qh4 Qf4+ 51. Kf2 Rg6 52. Qh5 Rg5 53. Qh4 Rg6 54. Qg3 Qg5 1-0

[Event "Ruhrgebiet-ch Seniors 10th"]
[Site "Essen"]
[Date "2003.03.26"]
[Round "3"]
[White "Schwagrowski, Bernd"]
[Black "Streier, Wilhelm"]
[Result "0-1"]
[WhiteElo "1463"]
[BlackElo "1567"]
[PlyCount "72"]
[EventDate "2003.04.??"]
[EventType "swiss"]
[EventRounds "9"]
[EventCountry "GER"]
[SourceTitle "EXT 2006"]
[Source "ChessBase"]
[SourceDate "2005.11.24"]
[SourceVersion "1"]
[SourceVersionDate "2005.11.24"]
[SourceQuality "1"]

1. Nf3 d5 2. d4 Nf6 3. Bf4 e6 4. Nbd2 b6 5. c3 Nbd7 6. b4 c5 7. bxc5 bxc5 8. e3 Be7 9. Bd3 0-0 10. Rb1 c4 11. Be2 Nb6 12. 0-0 Bd7 13. Ra1 Ba3 14. Nb1 Bb2 15. Nbd2 Bxa1 16. Qxa1 h6 17. Bd6 Re8 18. Rb1 Ba4 19. Bc5 Qc7 20. Ne5 Reb8 21. Rb2 Nbd7 22. Nxd7 Nxd7 23. Ba3 Rxb2 24. Bxb2 Bc2 25. Qc1 Bf5 26. Ba3 Rb8 27. f3 Qb6 28. e4 dxe4 29. fxe4 Bg6 30. Bxc4 e5 31. Nf3 Bxe4 32. Nxe5 Nxe5 33. Qf4 Qb1+ 34. Bf1 Ng6 35. Qc7 Bd3 36. Bc1 Bxf1 0-1